The measurement of social welfare / (Record no. 5187)
[ view plain ]
| 000 -LEADER | |
|---|---|
| fixed length control field | 00697nam a22002411 4500 |
| 001 - CONTROL NUMBER | |
| control field | 5187 |
| 003 - CONTROL NUMBER IDENTIFIER | |
| rucl marc code | BD-RjUL |
| 005 - DATE AND TIME OF LATEST TRANSACTION | |
| control field | 20211208234026.0 |
| 008 - FIXED-LENGTH DATA ELEMENTS--GENERAL INFORMATION | |
| fixed length control field | 131224s1961 njua b 001 0 eng |
| 035 ## - SYSTEM CONTROL NUMBER | |
| System control number | (BD-RjUL)5223 |
| 040 ## - CATALOGING SOURCE | |
| Original cataloging agency | DLC |
| Transcribing agency | DLC |
| Modifying agency | DLC |
| -- | BD-RjUL |
| Language of cataloging | eng |
| 041 ## - LANGUAGE CODE | |
| Language code of text/sound track or separate title | eng |
| 082 00 - DEWEY DECIMAL CLASSIFICATION NUMBER | |
| Classification number | 330.1 |
| Author mark and year | ROM 1961 |
| 100 1# - MAIN ENTRY--PERSONAL NAME | |
| Personal name | Rothenberg, Jerome, |
| Dates associated with a name | 1924- |
| 9 (RLIN) | 16327 |
| 245 14 - TITLE STATEMENT | |
| Title | The measurement of social welfare / |
| Statement of responsibility, etc. | Jerome Rothenberg. |
| 260 ## - PUBLICATION, DISTRIBUTION, ETC. (IMPRINT) | |
| Place of publication, distribution, etc. | Englewood Cliffs, N.J. : |
| Name of publisher, distributor, etc. | Prentice-Hall, |
| Date of publication, distribution, etc. | c1961. |
| 300 ## - PHYSICAL DESCRIPTION | |
| Pagination | 357 p. : |
| Illustrations | illus. ; |
| Size | 24 cm. |
| 504 ## - BIBLIOGRAPHY, ETC. NOTE | |
| Bibliography, etc | Includes bibliography and index. |
| 650 #0 - SUBJECT ADDED ENTRY--TOPICAL TERM | |
| Topical term or geographic name as entry element | Welfare economics. |
| 9 (RLIN) | 6319 |
| 942 ## - ADDED ENTRY ELEMENTS (KOHA) | |
| Source of classification or shelving scheme | Dewey Decimal Classification |
| Koha item type | Books |
| Lost status | Source of classification or shelving scheme | Damaged status | Not for loan | Collection code | Permanent Location | Current Location | Date acquired | Source of acquisition | Total Checkouts | Full call number | Date last seen | Copy number | Koha item type | Shelving location | Cost, normal purchase price | Date checked out |
|---|---|---|---|---|---|---|---|---|---|---|---|---|---|---|---|---|
| Dewey Decimal Classification | Non-fiction | Central Library, University of Rajshahi | Central Library, University of Rajshahi | 18/03/1966 | Zeitlinger | 330.1 ROM 1961 | 24/12/2013 | C-8 | Books | |||||||
| Dewey Decimal Classification | Non-fiction | Central Library, University of Rajshahi | Central Library, University of Rajshahi | 07/03/1969 | Dacca Com. Pub. | 330.1 ROM 1961 | 08/01/2014 | C-4 | Books | 60.50 | ||||||
| Dewey Decimal Classification | Non-fiction | Central Library, University of Rajshahi | Central Library, University of Rajshahi | 13/11/1965 | Zettinger | 330.1 ROM 1961 | 21/08/2016 | C-2 | Books | 72.00 | ||||||
| Dewey Decimal Classification | Non-fiction | Central Library, University of Rajshahi | Central Library, University of Rajshahi | 13/11/1965 | Zettinger | 330.1 ROM 1961 | 21/08/2016 | C-3 | Books | 72.00 | ||||||
| Dewey Decimal Classification | Non-fiction | Central Library, University of Rajshahi | Central Library, University of Rajshahi | 13/11/1965 | Zettinger | 330.1 ROM 1961 | 21/08/2016 | C-5 | Books | 72.00 | ||||||
| Dewey Decimal Classification | Non-fiction | Central Library, University of Rajshahi | Central Library, University of Rajshahi | 13/11/1965 | Zettinger | 330.1 ROM 1961 | 21/08/2016 | C-6 | Books | 72.00 | ||||||
| Dewey Decimal Classification | Non-fiction | Central Library, University of Rajshahi | Central Library, University of Rajshahi | 13/11/1965 | Zettinger | 1 | 330.1 ROM 1961 | 01/11/2018 | C-7 | Books | 72.00 | 29/10/2018 |